000 00632nam a2200241 a 4500
001 nice12345678
003 IN_TiNIC
005 20260116014547.0
008 050524s1997 dela grp 000 0 eng
020 _a8185220
_c100
082 0 0 _a335.4
_bTYA
100 _aTyagi, Anil Kumar
245 _aCommunalism and Ramakatha in Historical Perspective
260 _aDelhi
_bInstt.Of Objective Studies
_c1997
300 _a85p
500 _aincludes index and biblioraphy
505 2 _aNotes and Reference
650 _aCommunalism
700 1 _aTyagi, Anil Kumar
902 _bSRS
942 _cBK
999 _c15980
_d15980